00658nam a2200157Ia 4500008004100000020002200041050001900063100002000082245007200102250001100174260004000185300002600225500016700251600006200418650002000480120626s9999 xx 000 0 und d a978-968-18-6373-9 aBF125 V43 2012 aVidales, Ismael aPsicología general / Ismael Vidales, Flavio Vidales, Idolina Leal a2a ed. aMéxico : Limusa, Noriega Editores a239 p. : il. ; 23 cm. aEducación Mixta Psicología PSICOLOGÍA EXPERIMENTAL P21 Libro 3 (06 002570) \El ej. 2 (06 002570) viene publicado como 2012, peroe s la misma obra que el 1 aI. Vidales, Flavio, coaut. II. Leal, Idolina, coaut.  a1. Psicología